| 000 | 01273nam a2200325 i 4500 | ||
|---|---|---|---|
| 001 | bg | ||
| 003 | BPK | ||
| 005 | 20200814083014.0 | ||
| 008 | 010418s1976 pl a f |000 0 pol | ||
| 015 | _aPB 1977/1533 | ||
| 040 |
_aWA N _cBPK |
||
| 041 | 0 |
_apol _brus _beng |
|
| 080 | _a628.2/.3 | ||
| 080 | _a532 | ||
| 100 | 1 |
_aSozański, Marek M. _d(1942- ) _eAutor |
|
| 245 | 1 | 0 |
_aWłaściwości reologiczne uwodnionych osadów pokoagulacyjnych / _cMarek M. Sozański. |
| 260 |
_aWrocław : _bPW, _c1976. |
||
| 300 |
_a57 s. : _bil., tab., wykr. ; _c25 cm. |
||
| 490 | 1 |
_aPrace Naukowe Instytutu Inżynierii Ochrony Środowiska Politechniki Wrocławskiej. Monografie, _x0084-2869 ; _v11. |
|
| 500 | _aNumeracja ser. gł.: 34. | ||
| 504 | _aBibliogr. | ||
| 546 | _aStreszcz. ros., ang. | ||
| 650 | 4 | _aOczyszczalnia ścieków | |
| 650 | 4 | _aUzdatnianie wody | |
| 650 | 4 | _aReologia | |
| 830 | 0 |
_aPrace Naukowe Instytutu Inżynierii Ochrony Środowiska Politechniki Wrocławskiej ; _v34. |
|
| 830 | 0 |
_aPrace Naukowe Instytutu Inżynierii Ochrony Środowiska Politechniki Wrocławskiej. _pMonografie, _v11. |
|
| 856 |
_uhttp://koha.tu.koszalin.pl/cgi-bin/koha/opac-detail.pl?biblionumber=17121 _yKatalog online BPK |
||
| 942 |
_2UKD _cKS |
||
| 999 |
_c17121 _d17121 |
||